Modelling customer's vision towards disribution channels of Indian life insurance industry (Record no. 506484)

000 -LEADER
fixed length control field 00512nam a2200181Ia 4500
008 - FIXED-LENGTH DATA ELEMENTS--GENERAL INFORMATION
fixed length control field 181130s2018 xx 000 0 und d
100 ## - MAIN ENTRY--PERSONAL NAME
Personal name Chattha, Samiya
245 ## - TITLE STATEMENT
Title Modelling customer's vision towards disribution channels of Indian life insurance industry
260 ## - PUBLICATION, DISTRIBUTION, ETC.
Date of publication, distribution, etc. 2018
300 ## - PHYSICAL DESCRIPTION
Extent p.63-72.
504 ## - BIBLIOGRAPHY, ETC. NOTE
-- Apr-Jun
650 ## - SUBJECT ADDED ENTRY--TOPICAL TERM
Topical term or geographic name entry element Consumers
650 ## - SUBJECT ADDED ENTRY--TOPICAL TERM
Topical term or geographic name entry element Customer satisfaction
650 ## - SUBJECT ADDED ENTRY--TOPICAL TERM
Topical term or geographic name entry element Insurance - Life
700 ## - ADDED ENTRY--PERSONAL NAME
Personal name Bawa, Sumninder Kaur
773 ## - HOST ITEM ENTRY
Main entry heading Abhigyan
906 ## - LOCAL DATA ELEMENT F, LDF (RLIN)
a Insurance - Life
Holdings
Withdrawn status Lost status Damaged status Not for loan Permanent Location Current Location Date acquired Serial Enumeration / chronology Barcode Date last seen Price effective from Koha item type
        Indian Institute of Public Administration Indian Institute of Public Administration 2018-12-07 36(1), Apr-Jun, 2018: p.63-72. AR118279 2018-12-07 2018-12-07 Articles

Powered by Koha